Online
Catalog

Franjul : (Record no. 3571)

MARC details
000 -CABECERA
campo de control de longitud fija 00563nam a2200169 a 4500
001 - NÚMERO DE CONTROL
campo de control 000003749
005 - FECHA Y HORA DE LA ÚLTIMA TRANSACCIÓN
campo de control 20200929150544.0
008 - DATOS DE LONGITUD FIJA--INFORMACIÓN GENERAL
campo de control de longitud fija 090713s2004 dr ac r 000 0 spa d
040 ## - FUENTE DE LA CATALOGACIÓN
Centro catalogador/agencia de origen DO-SdBNP
Lengua de catalogación spa
Centro/agencia transcriptor BNPHU
082 ## - NÚMERO DE LA CLASIFICACIÓN DECIMAL DEWEY
Número de clasificación xxx
Número de documento/Ítem P349f
100 1# - ENTRADA PRINCIPAL--NOMBRE DE PERSONA
Nombre de persona Peña Franjul, Marcos
9 (RLIN) 11408
245 10 - MENCIÓN DE TÍTULO
Título Franjul :
Resto del título Una familia del banilejismo /
Mención de responsabilidad, etc. Marcos Peña Franjul.
260 ## - PUBLICACIÓN, DISTRIBUCIÓN, ETC.
Lugar de publicación, distribución, etc. [Santo Domingo] :
Nombre del editor, distribuidor, etc. Instituto Dominicano de Ambiente y Sociedad,
Fecha de publicación, distribución, etc. 199?
300 ## - DESCRIPCIÓN FÍSICA
Extensión 139 p. :
Otras características físicas il., retrs.
500 ## - NOTA GENERAL
Nota general Incluye índice
500 ## - NOTA GENERAL
Nota general Incluye referencias bibliográficas (139 p.)
Holdings
Estado de retiro Estado de pérdida No para préstamo Código de colección Localización permanente Ubicación/localización actual Ubicación en estantería Fecha de adquisición Número de inventario Total de préstamos Signatura topográfica completa Código de barras Fecha visto por última vez Precio válido a partir de Tipo de ítem Koha
    Excluido de préstamo Patrimonio Dominicano Patrimonio Dominicano Patrimonio Dominicano En catalogación 13.07.2009 LF1   xxx P349f 3749-10 25.06.2020 25.06.2020 Libro y Folleto Colección Patrimonio Dominicano

Powered by Koha